Statistics for Country flags similar to Scotland's

Click here to take the quiz!

General Stats

  • This quiz has been taken 93 times
  • The average score is 6 of 7

Answer Stats

Answer% Correct
Jamaica
100%
Australia
91%
New Zealand
91%
United Kingdom
91%
Fiji
81%
Tuvalu
70%
Burundi
68%

Score Distribution

Percentile by Number Answered

Percent of People with Each Score

Your Score History

You have not taken this quiz